La política d'habitatge en una perspectiva europea comparada / Carme Trilla
ISBN:
84-88099-83-5
Descripción Física:
202 p. : gràfics, quadres ; 23 cm
Colección:
Estudis socials ; 9
MARC
| LEADER | 00000nam a2200000Ia 4500 | ||
|---|---|---|---|
| 001 | 15799 | ||
| 008 | 160829s9999 xx 000 0 cat d | ||
| 020 | |a 84-88099-83-5 | ||
| 080 | |a M-4-326 | ||
| 100 | 1 | |a Trilla i Bellart, Carme |9 32468 | |
| 245 | |a La política d'habitatge en una perspectiva europea comparada / Carme Trilla | ||
| 260 | |a Barcelona : |b Fundació 'La Caixa', cop. 2001 | ||
| 300 | |a 202 p. : |b gràfics, quadres ; |c 23 cm | ||
| 490 | |a Estudis socials ; 9 | ||
| 590 | |a Bibliografia p. 198-202. | ||
| 590 | |a Versió en línia: <http://www.estudis.lacaixa.comunicacions.com/webes/estudis.nsf/wurl/pfes009cos_cat> | ||
| 650 | |a Política de l'habitatge |9 49059 | ||
| 650 | |a Unió Europea, Països de la |9 37649 | ||
| 710 | 2 | |a Fundació la Caixa |9 54858 | |
| 901 | |a Arxiu | ||
| 942 | |n 1 | ||
| 952 | |0 0 |1 0 |4 0 |6 M4326 |7 1 |9 47784 |a Arxiu |b Arxiu |d 2016-12-01 |l 0 |o M-4-326 |p 15799 |r 2016-12-01 00:00:00 |w 2016-12-01 |y ARXIU | ||
| 999 | |c 51583 |d 51583 | ||